La nueva justicia ambiental

Uloženo v:
Podrobná bibliografie
Hlavní autoři: Ferrada Bórquez, Juan Carlos (autor), Bermúdez Soto, Jorge Andrés (Autor), Pinilla Rodríguez, Francisco (Autor)
Médium: Kniha
Jazyk:španělština
Vydáno: Santiago Thomson Reuters 2015
Vydání:1a. ed
Edice:La Ley
Témata:
Tagy: Přidat tag
Žádné tagy, Buďte první, kdo vytvoří štítek k tomuto záznamu!

MARC

LEADER 00000cam a2200000 a 4500
001 UCE8830
003 CL-VaPUC
008 150904e20150000cl |||||||||||||||||spa|d
020 |a 9789563467048 
082 0 4 |a 346.83046  |b FER  |2 21 
100 |a Ferrada Bórquez, Juan Carlos  |e autor  |9 529871 
700 |a Bermúdez Soto, Jorge Andrés  |e author  |9 590077 
700 0 |a Pinilla Rodríguez, Francisco  |e author  |9 581578 
245 1 3 |a La nueva justicia ambiental 
250 |a 1a. ed 
300 |a 341 p 
942 |c BK 
945 |d 20150904 11:50:00  |a gsalatino 
260 |a Santiago  |b Thomson Reuters  |c 2015 
650 0 |a Derecho ambiental   |9 257835 
650 0 |a Derecho ambiental  |z Chile  |9 499116 
650 0 |a Política gubernamental  |9 262286 
650 7 |a PROTECCION AL MEDIO AMBIENTE  |2 CL-VaPUC  |9 376643 
583 |a last modification  |c 20160913 11:20:38  |k Rodrigo Vera 
490 0 |a La Ley 
999 |c 360599  |d 360597 
952 |0 0  |1 0  |3 erb  |4 0  |6 346_830460000000000_FER_2015  |7 0  |8 A  |9 470468  |a BIBDER  |b BIBDER  |i 5195675  |l 7  |m 7  |o 346.83046 FER 2015  |p 5195675  |r 2023-04-25  |s 2023-04-18  |w 2019-11-23  |y BK  |z Catalogado en:20150904  |k DER